Detalles MARC
| 000 -LIDER |
| fixed length control field |
00878nam a2200265 a 4500 |
| 001 - NÚMERO DE CONTROL |
| Identificador de número de control |
000030998 |
| 003 - IDENTIFICACDOR DE NÚMERO DE CONTROL |
| control field |
DO-SdBNP |
| 005 - DATE AND TIME OF LATEST TRANSACTION |
| control field |
20171020100745.0 |
| 007 - CAMPOS FIJOS DE DESCRIPCIÓN FÍSICA |
| fixed length control field |
000030998 |
| 008 - ELEMENTOS DE LONGITUD FIJA |
| fixed length control field |
110609s20uu dr 000 0 spa d |
| 040 ## - FUENTE DE CATALOGACIÓN |
| Agencia que crea de manera original el registro |
BPMSU |
| Idioma de catalogación |
spa |
| Agencia que realiza la transcripción |
BPMSU |
| 049 ## - LOCAL HOLDINGS (OCLC) |
| Holding library |
|
| 092 ## - LOCALLY ASSIGNED DEWEY DECIMAL CALL NUMBER |
| Número de clasificación |
xxxx |
| Número de ítem (Cutter) |
H557p |
| 100 1# - ASIENTO PRINCIPAL -- NOMBRE PERSONAL |
| Nombre personal |
Hernández Flores, Ismael |
| 245 13 - MENCIÓN DE TITULO |
| Título |
El proyecto de constitución de Duarte / |
| Mención de responsabilidad |
Ismael Hernández Flores.; presentación Tomás Castro Burdiez |
| 246 13 - VARIACION DEL TÍTULO |
| Título propiamente dicho o título corto |
El proyecto de constitución de Duarte / |
| 260 ## - PUBLICACIÓN, DISTRIBUCIÓN, ETC. (PIE DE IMPRENTA) |
| Lugar de publicación, distribución, etc |
[Santo Domingo] : |
| Nombre del editor, distribuidor, etc. |
Fundación para la Educación y el Arte |
| Fecha de publicación, distribución, etc |
[200?]. |
| 300 ## - DESCRIPCIÓN FÍSICA |
| Extensión |
32 p. ; |
| Dimensiones |
22 cm. |
| 490 ## - MENCIÓN DE SERIES |
| Mención de serie |
Cuadernos educativos y culturales |
| Volume/sequential designation |
no. 1 |
| 700 ## - ASIENTO SECUNDARIO -- NOMBRE PERSONAL |
| Término de relación |
Castro Burdiez, Tomás |
| 830 ## - ASIENTO SECUNDARIO DE SERIE--TÍTULO UNIFORME |
| Nombre de la parte o sección de una obra |
Cuadernos educativos y culturales |
| Volume number/sequential designation |
no. 1 |
| 942 ## - ADDED ENTRY ELEMENTS (KOHA) |
| Source of classification or shelving scheme |
Dewey Decimal Classification |
| Koha item type |
Libros |
| 945 ## - INFORMACIÓN DE PROCESAMIENTO LOCAL |
| Información de procesamiento local |
Inventariado / 2017 VM |
| 956 ## - LOCAL ELECTRONIC LOCATION AND ACCESS (OCLC) |
| Nombre de host |
VMATEO |
| Número de acceso |
10 |
| Información de compresión |
20150416 |
| Inicio de sesión |
BPMSU |